Statistiche per Elenca la formazione - Quiz n°69

Clicka qui per fare il quiz!

Statistiche generali

  • Questo quiz è stato fatto 20 volte
  • Il punteggio medio è 9 su 11

Statistiche sulle risposte

RuoloNazioneCalciatore% Corretto
CentrocampistaCroaziaLuka Modrić
100%
AttaccanteGallesGareth Bale
95%
AttaccanteFranciaKarim Benzema
95%
DifensoreSpagnaSergio Ramos
95%
PortiereBelgioThibaut Courtois
95%
DifensoreBrasileMarcelo
89%
DifensoreFranciaRaphaël Varane
89%
CentrocampistaGermaniaToni Kroos
89%
DifensoreSpagnaDaniel Carvajal
84%
AttaccanteSpagnaLucas Vázquez
42%
CentrocampistaSpagnaMarcos Llorente
21%

Distribuzione punteggi

Percentile per numero di risposta

Percentuale di utenti per punteggio

I tuoi punteggi nel tempo

Non hai fatto questo quiz